000 01079nam0a22002891 4500
001 rc\4752535
005 20250613065030.0
021 _aRU
_bРг1749-64
035 _a(NLR Aleph) 008993709
090 _a9263012
_c9263012
100 _a20130417d1964 |||y0rusy50 ca
101 0 _arus
102 _aRU
105 _aa z |||||
200 1 _aОпыт работы станции Ташкент-товарный по централизованным перевозкам грузов
_fСССР. МПС. Среднеазиатская ж. д. Дор. науч.-техн. о-во
210 _aТашкент
_cБ. и.
_d1964
215 _a59 с.
_cил.
_d22
300 _aВ вып. дан. сост.: А. Лифшиц, К. Ходжаев, Л. Чепко
700 1 _aЛифшиц
_bА.
_4220
701 1 _aХоджаев
_bК.
_4220
701 1 _aЧепко
_bЛ.
_4220
712 0 2 _aСреднеазиатская ж. д. Дор. науч.-техн. о-во
801 0 _aRU
_bNLR
_gpsbo
801 1 _aRU
_bELAR
_2rusmarc
852 _aNLR
_j64-6/2934
942 _cBOOK
980 _aNB